000 01097nam a22002177a 4500
005 20260525083543.0
008 260525n |||||||| |||| 00| 0 spa d
020 _a9789587693515
040 _aCO-BoUCM
_bspa
_cStefania Borbon
_dStefania Borbon
041 _aspa
100 _aBarona Betancourt, Ricardo
_979260
245 _aResponsabilidad médica y hospitalaria /
_cRicardo Barona Betancourt
260 _aBogotá, D.C. :
_bLeyer Editores,
_c2016
300 _a391 páginas
520 _aObra jurídica especializada en el análisis de la responsabilidad legal derivada del acto médico y la gestión hospitalaria en el contexto de la legislación y jurisprudencia de Colombia. Aborda temas relacionados con la mala praxis, las obligaciones de los profesionales de la salud y de las instituciones prestadoras de servicios médicos.
650 4 _aResponsabilidad médica
_zColombia
_938374
650 4 _aResponsabilidad hospitalaria
_zColombia
_9189376
650 4 _aDerecho médico
_zColombia
_9189377
942 _2DEWEY
_a8
_cLIBRO
_e1
_h344.041
_mB266r
999 _c326448
_d326448